Vista normal Vista MARC

Entrada Materia (tema)

Número de registros utilizados en: 3

001 - CONTROL NUMBER

  • control field: 38505

003 - CONTROL NUMBER IDENTIFIER

  • control field: Co-BoUCM

005 - DATE AND TIME OF LATEST TRANSACTION

  • control field: 20130529075823.0

008 - FIXED-LENGTH DATA ELEMENTS

  • fixed length control field: 130529|| aca||aabn | a|a d

040 ## - CATALOGING SOURCE

  • Original cataloging agency: Co-BoUCM
  • Transcribing agency: Co-BoUCM

150 ## - HEADING--TOPICAL TERM

  • Topical term or geographic name as entry element: Reforma tributaria
  • Geographic subdivision: Bogotá (Colombia)

670 ## - SOURCE DATA FOUND

  • Source citation: Work cat.: (Co-BoUCM)166539: Manual de ICA y predial de Bogotá 2013, 2013